000 00472nam a2200193Ia 4500
005 20250423101534.0
008 250422s9999 xx 000 0 und d
020 _a9781119263548
050 _aRC 258 .B75/
100 _aBrierley, James
245 0 _aTNM classification of malignant tumours
250 _a8th ed.
260 _aNew York
260 _bJohn Wiley & Sons
260 _c2017
300 _a253 p
650 _aTumors--Classification.
942 _cBK
999 _c36581
_d36581